LIBRARY & INFORMATION CENTRE, KCAET, TAVANUR

ONLINE PUBLIC ACCESS CATALOGUE (OPAC)

Indian autobiographies (Record no. 446)

MARC details
000 -LEADER
fixed length control field 00396cam a2200181ua 4500
041 ## - LANGUAGE CODE
Language code of text/sound track or separate title mal
082 ## - DEWEY DECIMAL CLASSIFICATION NUMBER
Classification number 923
Item number SAK/IN
100 ## - MAIN ENTRY--AUTHOR NAME
Personal name Saksena, S P .
245 00 - TITLE STATEMENT
Title Indian autobiographies
260 ## - PUBLICATION, DISTRIBUTION, ETC. (IMPRINT)
Place of publication :
Name of publisher Oxford university press ,
Year of publication 1960.
300 ## - PHYSICAL DESCRIPTION
Number of Pages 144 ; .
650 ## - SUBJECT ADDED ENTRY--TOPICAL TERM
Topical Term Biographies
942 ## - ADDED ENTRY ELEMENTS (KOHA)
Koha item type Books
Holdings
Withdrawn status Lost status Damaged status Home library Current library Date acquired Full call number Accession Number Koha item type Public note
Withdrawn   Damaged KAUAET KAUAET 07/04/2012 923 13087 Books  
Withdrawn     KAUAET KAUAET 07/04/2012 923 8538 Books  
Withdrawn     KAUAET Malayalam University 07/04/2012 923 8536 Books Transferred to Malayalam University
free website counter